Contabilidad de entidades de economa̕ solidaria

Detalles Bibliográficos
Autor principal: Cardozo Cuenca, Hernǹ
Formato: Desconocido
Lenguaje:español
Publicado: Bogot ̀: Ecoe, 2007
Materias:
Acceso en línea:Acceso restringido

MARC

LEADER 00000ny a22000003n 4500
005 2011061608188.0
008 031107s2007 ck 000 0 spa d
020 |a 9789586484909 
035 |a 3381 
040 |a DEUSTO  |d vLex 
080 |a 334.02:657(861) 
090 |c 755  |d 755 
100 1 |a Cardozo Cuenca, Hernǹ 
245 1 0 |a Contabilidad de entidades de economa̕ solidaria  |h [Recurso electrn̤ico]  |c Hernǹ Cardozo Cuenca 
256 |a Servicio en ln̕ea 
260 |a Bogot ̀:  |b Ecoe,  |c 2007 
300 |a p. ;  |c cm 
506 1 |a Contenido solo disponible en los productos indicados  |d vLex Global  |d vLex Global (Academic Edition, excluding Law Schools)  |d vLex Global (U.S. Academic Edition, Law Schools)  |d vLex Global (U.S. Academic Edition, excluding Law Schools)  |d vLex Global (Academic Edition, Law Schools) 
650 0 4 |a Cooperativas  |x Contabilidad  |z Colombia 
740 0 |a vLex Libros (Servicios en ln̕ea) 
856 4 0 |u http://vlex.com/source/3381  |z Acceso restringido 
942 |c BOOK 
999 0 |a Accounting  |b Bogot̀